Podmienky poskytovania hypotekárnych úverov

Charakteristika ekonomickej podstaty a legislatívnych podmienok rozvoja hypotekárneho bankovníctva v Slovenskej republike. Charakteristika troch základných modelov hypotekárneho bankovníctva. Štátna podpora hypotekárneho úveru. Výpočet anuitnej splátky hypotekárneho úveru. Vlastnosti umorovateľa, ic...

Descripción completa

Guardado en:
Detalles Bibliográficos
Autor principal: Horvátová, Eva, 1958-
Formato: Capítulo de libro
Lenguaje:eslovaco
Materias:
Etiquetas: Agregar Etiqueta
Sin Etiquetas, Sea el primero en etiquetar este registro!

MARC

LEADER 00000naa a2200000 4500
001 r042697
005 20230919092401.4
041 0 |a slo 
044 |a SK 
245 1 0 |a Podmienky poskytovania hypotekárnych úverov  |c Eva Horvátová 
520 |a Charakteristika ekonomickej podstaty a legislatívnych podmienok rozvoja hypotekárneho bankovníctva v Slovenskej republike. Charakteristika troch základných modelov hypotekárneho bankovníctva. Štátna podpora hypotekárneho úveru. Výpočet anuitnej splátky hypotekárneho úveru. Vlastnosti umorovateľa, ich využitie. Formy dodatočného zabezpečenia. 
610 2 0 |a bankovníctvo hypotekárne 
610 2 0 |a Slovensko 
610 2 0 |a úver hypotekárny 
610 2 0 |a listy záložné hypotekárne 
610 2 0 |a štát 
610 2 0 |a splátky 
610 2 0 |a anuita 
610 2 0 |a podpory 
610 2 0 |a banky hypotekárne 
610 2 0 |a financovanie 
610 2 0 |a poplatky 
100 1 |a Horvátová, Eva, 1958-